[Event "Regionalliga Nord-West 1819"]
[Site "Bayern"]
[Date "2019.02.03"]
[Round "6.3"]
[White "Mueller, Jochen"]
[Black "Becker, Alexander1111"]
[Result "1/2-1/2"]
[WhiteElo "2047"]
[BlackElo "1956"]
[PlyCount "32"]
[EventDate "2018.10.21"]
[EventType "team-tourn"]
[EventRounds "9"]
[EventCountry "GER"]
[SourceTitle "EXT 2022"]
[Source "ChessBase"]
[SourceDate "2021.10.06"]
[SourceVersion "1"]
[SourceVersionDate "2021.10.06"]
[SourceQuality "1"]
[WhiteTeam "Stetten"]
[BlackTeam "Kronach"]
[WhiteTeamCountry "GER"]
[BlackTeamCountry "GER"]

1. e4 c6 2. d4 d5 3. f3 dxe4 4. fxe4 e5 5. Nf3 exd4 6. Bc4 f6 7. 0-0 Bc5 8. Nh4 g6 9. e5 f5 10. Nf3 Ne7 11. Ng5 Nd5 12. e6 Qf6 13. Bxd5 cxd5 14. Nf7 0-0 15. b4 Bb6 16. e7 Qxe7 1/2-1/2

[Event "Heusenstamm Sparkassen op-A 5th"]
[Site "Heusenstamm"]
[Date "2018.11.25"]
[Round "6"]
[White "Mueller, Jochen"]
[Black "Wortmann, Klaus Peter"]
[Result "0-1"]
[WhiteElo "1967"]
[BlackElo "2097"]
[PlyCount "172"]
[EventDate "2018.11.22"]
[EventType "swiss"]
[EventRounds "7"]
[EventCountry "GER"]
[SourceTitle "CBM 188 Extra"]
[Source "ChessBase"]
[SourceDate "2019.02.26"]
[SourceVersion "1"]
[SourceVersionDate "2019.02.26"]
[SourceQuality "1"]

1. e4 d5 2. exd5 Qxd5 3. Nf3 Bg4 4. Be2 Nc6 5. 0-0 0-0-0 6. c4 Qd7 7. Nc3 Nf6 8. Qa4 Kb8 9. Nb5 a6 10. Nc3 Bxf3 11. Bxf3 Ne5 12. Be2 Qxa4 13. Nxa4 Nd3 14. Rd1 e6 15. b3 Bb4 16. Bxd3 Rxd3 17. a3 Bd6 18. b4 Be5 19. Rb1 Rhd8 20. Nc5 R3d6 21. Bb2 Bxb2 22. Rxb2 Rd4 23. Rc2 Ka7 24. f3 b6 25. Na4 Rd3 26. Nc3 Nd7 27. Kf2 Ne5 28. Nb1 Nc6 29. c5 b5 30. Re1 R3d5 31. Re4 Ne5 32. Ke2 Nc4 33. Rh4 h5 34. a4 Kb7 35. axb5 axb5 36. Ra2 g6 37. Re4 Rd3 38. h4 R8d5 39. g4 hxg4 40. fxg4 Rh3 41. g5 c6 42. Rf4 Rf5 43. Rd4 Rh2+ 44. Kd3 Rd5 45. Rxd5 exd5 46. Kc3 Rxh4 47. d3 d4+ 48. Kb3 Rh3 49. Rf2 Ne5 50. Kc2 Rf3 51. Re2 Re3 52. Rxe3 dxe3 53. d4 Nf3 54. Kd3 e2 55. Kxe2 Nxd4+ 56. Kd3 Ne6 57. Ke4 Nxg5+ 58. Ke5 Nf3+ 59. Kf6 g5 60. Kf5 f6 61. Nc3 Nd4+ 62. Kxf6 g4 63. Ke5 Nc2 64. Kf4 Nxb4 65. Kxg4 Nd3 66. Ne4 b4 67. Kf3 Ka6 68. Ke3 Ne5 69. Kd4 Nd7 70. Kc4 Ka5 71. Nd2 Ka4 72. Nb1 Ne5+ 73. Kd4 Nf3+ 74. Ke4 Kb3 75. Kxf3 Kc2 76. Ke4 Kxb1 77. Ke5 Kc2 78. Kd6 b3 79. Kxc6 b2 80. Kc7 b1Q 81. c6 Kc3 82. Kc8 Kc4 83. c7 Kc5 84. Kd7 Qb7 85. Kd8 Kd6 86. c8N+ Ke6 0-1

[Event "Heusenstamm Sparkassen op-A 5th"]
[Site "Heusenstamm"]
[Date "2018.11.24"]
[Round "5"]
[White "Schloessner, Henrik"]
[Black "Mueller, Jochen"]
[Result "0-1"]
[WhiteElo "2088"]
[BlackElo "1967"]
[PlyCount "72"]
[EventDate "2018.11.22"]
[EventType "swiss"]
[EventRounds "7"]
[EventCountry "GER"]
[SourceTitle "CBM 188 Extra"]
[Source "ChessBase"]
[SourceDate "2019.02.26"]
[SourceVersion "1"]
[SourceVersionDate "2019.02.26"]
[SourceQuality "1"]

1. e4 e5 2. Nf3 Nc6 3. Bb5 f5 4. Nc3 fxe4 5. Nxe4 Nf6 6. d3 d5 7. Nxe5 dxe4 8. Nxc6 Qd7 9. Nxa7 c6 10. Nxc8 Qxc8 11. Bc4 Qc7 12. 0-0 0-0-0 13. Bg5 Bd6 14. g3 Kb8 15. a4 Qa5 16. Qd2 Qf5 17. Bxf6 gxf6 18. dxe4 Qh3 19. Qe3 h5 20. Rfd1 h4 21. Bf1 Qe6 22. a5 hxg3 23. fxg3 Qe5 24. Rxd6 Rxd6 25. a6 Qxb2 26. Ra3 Qxc2 27. h4 Qd2 28. Qb3 Qd4+ 29. Kh2 b6 30. Bg2 Ka7 31. Ra2 Rf8 32. Qf3 Qe5 33. Qe3 Rh8 34. Kg1 Rd1+ 35. Kf2 Rhd8 36. Bf1 R8d4 0-1

[Event "Heusenstamm Sparkassen op-A 5th"]
[Site "Heusenstamm"]
[Date "2018.11.23"]
[Round "3"]
[White "Rondonuwu, Grover"]
[Black "Mueller, Jochen"]
[Result "1-0"]
[WhiteElo "2101"]
[BlackElo "1967"]
[PlyCount "73"]
[EventDate "2018.11.22"]
[EventType "swiss"]
[EventRounds "7"]
[EventCountry "GER"]
[SourceTitle "CBM 188 Extra"]
[Source "ChessBase"]
[SourceDate "2019.02.26"]
[SourceVersion "1"]
[SourceVersionDate "2019.02.26"]
[SourceQuality "1"]

1. d4 e6 2. c4 f5 3. Nf3 Nf6 4. Nc3 Bb4 5. Qc2 0-0 6. g3 b6 7. Bg2 Bb7 8. 0-0 c5 9. d5 Bxc3 10. bxc3 exd5 11. Nh4 Ne4 12. cxd5 Nd6 13. c4 f4 14. Bb2 Ba6 15. Rac1 Qg5 16. Nf3 Qh5 17. Ne5 Bb7 18. Rce1 Nf7 19. gxf4 d6 20. Nd3 Bc8 21. Qc3 Qh6 22. e4 Nd7 23. e5 dxe5 24. fxe5 Ng5 25. Re3 b5 26. cxb5 Nb6 27. Nxc5 Bg4 28. f4 Nf7 29. Rg3 Rac8 30. Qd4 Rxc5 31. Qxc5 Rc8 32. Qf2 Bf5 33. e6 Nd6 34. Be5 Rc2 35. Qd4 Nxb5 36. Bxg7 Nxd4 37. Bxh6+ 1-0

[Event "Wunsiedel op 10th"]
[Site "Wunsiedel"]
[Date "2016.05.05"]
[Round "1"]
[White "Zeller, Frank"]
[Black "Mueller, Jochen"]
[Result "1-0"]
[WhiteElo "2402"]
[BlackElo "2060"]
[PlyCount "93"]
[EventDate "2016.05.05"]
[EventType "swiss"]
[EventRounds "7"]
[EventCountry "GER"]
[SourceTitle "CBM 172 Extra"]
[Source "ChessBase"]
[SourceDate "2016.06.21"]
[SourceVersion "1"]
[SourceVersionDate "2016.06.21"]
[SourceQuality "1"]

1. e4 e5 2. f4 d5 3. exd5 c6 4. Nc3 exf4 5. Nf3 Nf6 6. d4 Nxd5 7. Nxd5 Qxd5 8. Bxf4 Be7 9. Bd3 0-0 10. Qe2 Bf6 11. Bc4 Qh5 12. 0-0 Bg4 13. c3 Nd7 14. h3 Bxf3 15. Qxf3 Qxf3 16. Rxf3 Nb6 17. Bb3 Nd5 18. Bd2 Rae8 19. Kf1 Re4 20. Bc2 Ree8 21. a4 Be7 22. a5 Bd6 23. c4 Nf6 24. Rb3 Ne4 25. Be1 f5 26. c5 Bh2 27. Raa3 f4 28. Bxe4 Rxe4 29. Rxb7 Bg3 30. Bf2 Rfe8 31. Bxg3 fxg3 32. Rxg3 Re1+ 33. Kf2 R1e2+ 34. Kg1 Re1+ 35. Kh2 R1e7 36. a6 g6 37. Rxe7 Rxe7 38. Rb3 Rd7 39. Rb8+ Kf7 40. Rb7 Ke6 41. Rxd7 Kxd7 42. Kg3 Ke6 43. Kf4 Kd5 44. Ke3 Kc4 45. Ke4 Kb5 46. Ke5 Kxa6 47. Kd6 1-0